Score 0/40 Timer 03:00
4 Plays Today
% Correct
THE
71.9%
NOT
64.9%
ARE
61.7%
ARE
61.7%
THIS
60.9%
SHOW--
57.1%
BE
55.7%
AND
52.9%
AND
52.9%
ALL
52.7%
ALL
52.7%
POORLY.
51%
IN
48.9%
SHOULD
47.8%
BY
47.3%
CHARACTERS
46.4%
ANYONE.
46.1%
VIEWED
43.7%
VOICES
41.8%
CELEBRITY
39.9%
% Correct
IMPERSONATED......
38.5%
ON
37.5%
PEOPLE--
37.3%
TO
35.6%
REAL
35.3%
ITS
32.5%
IT
32.5%
FICTIONAL.
31.7%
FOLLOWING
30.5%
PROGRAM
27.4%
CONTAINS
25.9%
EVEN
25.6%
LANGUAGE
25.2%
BASED
25.1%
CONTENT
24.2%
THOSE
22.5%
EVENTS
21.4%
ENTIRELY
21%
DUE
18.3%
COARSE
15%

You're not logged in!

Compare scores with friends on all Sporcle quizzes.
OR
Log In

Sporcle TV

Today on Sporcle TV


Watch our educational content, quiz creation guides, and fun videos on Sporcle TV.

Show Comments

Extras

Top Quizzes Today


Score Distribution

Paid Content

Your Account Isn't Verified!

In order to create a playlist on Sporcle, you need to verify the email address you used during registration. Go to your Sporcle Settings to finish the process.

Report this User

Report this user for behavior that violates our Community Guidelines.

Details: